<?xml version="1.0" encoding="UTF-8"?>
<record
    xmlns:xsi="http://www.w3.org/2001/XMLSchema-instance"
    xsi:schemaLocation="http://www.loc.gov/MARC21/slim http://www.loc.gov/standards/marcxml/schema/MARC21slim.xsd"
    xmlns="http://www.loc.gov/MARC21/slim">

  <leader>00899nam a22002293i 4500</leader>
  <controlfield tag="001">80401</controlfield>
  <controlfield tag="003">BD-RjUL</controlfield>
  <controlfield tag="005">20240318115854.0</controlfield>
  <controlfield tag="008">220920m19611965pk            ||| | urd d</controlfield>
  <datafield tag="035" ind1=" " ind2=" ">
    <subfield code="a">(BD-RjUL)80401</subfield>
  </datafield>
  <datafield tag="040" ind1=" " ind2=" ">
    <subfield code="a">UkOxU</subfield>
    <subfield code="b">eng</subfield>
    <subfield code="e">rda</subfield>
    <subfield code="c">UkOxU</subfield>
  </datafield>
  <datafield tag="041" ind1=" " ind2=" ">
    <subfield code="a">urd</subfield>
  </datafield>
  <datafield tag="082" ind1=" " ind2=" ">
    <subfield code="2">23</subfield>
    <subfield code="a">891.4393</subfield>
    <subfield code="b">KHM 1961-63</subfield>
  </datafield>
  <datafield tag="100" ind1=" " ind2=" ">
    <subfield code="a">&#x62E;&#x627;&#x646;,  &#x633;&#x64A;&#x62F; &#x627;&#x62D;&#x645;&#x62F;   [Khan, Syed Ahmed]</subfield>
    <subfield code="9">4911</subfield>
  </datafield>
  <datafield tag="245" ind1="0" ind2="0">
    <subfield code="a">&#x645;&#x642;&#x627;&#x644;&#x627;&#x62A; &#x633;&#x631; &#x633;&#x64A;&#x62F; /   [ Maq&#x101;lat-i Sar Sayyid]  /</subfield>
    <subfield code="c">&#x633;&#x64A;&#x62F; &#x627;&#x62D;&#x645;&#x62F; &#x62E;&#x627;&#x6BA; &#x61B; &#x645;&#x631;&#x62A;&#x628;&#x6C1; &#x645;&#x62D;&#x645;&#x62F; &#x627;&#x633;&#x645;&#x627;&#x639;&#x64A;&#x644; &#x67E;&#x627;&#x646;&#x6CC; &#x67E;&#x62A;&#x6CC;.     [Sayyid A&#x1E25;mad &#x1E34;&#x1E96;&#x101;&#x1E49; ; murattabah Mu&#x1E25;ammad Ism&#x101;&#x2BB;&#x12B;l P&#x101;n&#x12B;pat&#x12B;.]</subfield>
  </datafield>
  <datafield tag="264" ind1=" " ind2="1">
    <subfield code="a">&#x644;&#x627;&#x6BE;&#x648;&#x631; : [L&#x101;haur] :</subfield>
    <subfield code="b">&#x645;&#x62C;&#x644;&#x633; &#x62A;&#x631;&#x642;&#x6CC; &#x627;&#x62F;&#x628;&#x60C; [Majlis-i Taraqq&#x12B;-yi Adab],</subfield>
    <subfield code="c">1961-65.</subfield>
  </datafield>
  <datafield tag="300" ind1=" " ind2=" ">
    <subfield code="a">16 volumes ;</subfield>
    <subfield code="c">21 cm</subfield>
  </datafield>
  <datafield tag="490" ind1="1" ind2=" ">
    <subfield code="a">Urd&#x16B; k&#x101; kl&#x101;s&#x12B;k&#x12B; adab ;</subfield>
  </datafield>
  <datafield tag="650" ind1=" " ind2=" ">
    <subfield code="a">Urdu Fiction</subfield>
    <subfield code="9">4172</subfield>
  </datafield>
  <datafield tag="830" ind1=" " ind2=" ">
    <subfield code="a">Urd&#x16B; k&#x101; kl&#x101;s&#x12B;k&#x12B; adab ;</subfield>
  </datafield>
  <datafield tag="942" ind1=" " ind2=" ">
    <subfield code="2">ddc</subfield>
    <subfield code="c">BK</subfield>
  </datafield>
  <datafield tag="999" ind1=" " ind2=" ">
    <subfield code="c">80401</subfield>
    <subfield code="d">80401</subfield>
  </datafield>
  <datafield tag="952" ind1=" " ind2=" ">
    <subfield code="0">0</subfield>
    <subfield code="1">0</subfield>
    <subfield code="2">ddc</subfield>
    <subfield code="4">0</subfield>
    <subfield code="7">1</subfield>
    <subfield code="8">FIC</subfield>
    <subfield code="a">RUCL</subfield>
    <subfield code="b">RUCL</subfield>
    <subfield code="c">Reading</subfield>
    <subfield code="d">1967-05-10</subfield>
    <subfield code="e">American books</subfield>
    <subfield code="g">2.50</subfield>
    <subfield code="l">0</subfield>
    <subfield code="o">U 891.4393 KHM V-2 1961-63</subfield>
    <subfield code="r">2022-09-20 00:00:00</subfield>
    <subfield code="t">C-1</subfield>
    <subfield code="w">2022-09-20</subfield>
    <subfield code="y">BK</subfield>
  </datafield>
  <datafield tag="952" ind1=" " ind2=" ">
    <subfield code="0">0</subfield>
    <subfield code="1">0</subfield>
    <subfield code="2">ddc</subfield>
    <subfield code="4">0</subfield>
    <subfield code="7">0</subfield>
    <subfield code="8">NFIC</subfield>
    <subfield code="a">RUCL</subfield>
    <subfield code="b">RUCL</subfield>
    <subfield code="c">Reading</subfield>
    <subfield code="d">2024-03-18</subfield>
    <subfield code="o">U 891.4393 KHM V-5 1962</subfield>
    <subfield code="r">2024-03-18 00:00:00</subfield>
    <subfield code="t">C-1</subfield>
    <subfield code="y">BK</subfield>
  </datafield>
  <datafield tag="952" ind1=" " ind2=" ">
    <subfield code="0">0</subfield>
    <subfield code="1">0</subfield>
    <subfield code="2">ddc</subfield>
    <subfield code="4">0</subfield>
    <subfield code="7">1</subfield>
    <subfield code="8">NFIC</subfield>
    <subfield code="a">RUCL</subfield>
    <subfield code="b">RUCL</subfield>
    <subfield code="c">Reading</subfield>
    <subfield code="d">1967-05-10</subfield>
    <subfield code="e">American books , </subfield>
    <subfield code="g">1.75</subfield>
    <subfield code="l">0</subfield>
    <subfield code="o">U 891.4393 KHM V-8 1961-63</subfield>
    <subfield code="r">2025-05-04 00:00:00</subfield>
    <subfield code="t">C-1</subfield>
    <subfield code="w">2025-05-04</subfield>
    <subfield code="y">BK</subfield>
  </datafield>
</record>
